LEADER 01207nam a2200277 4500 001 000000359198 003 CaOOAMICUS 005 20240802145321.0 008 240802s2007 it a 000 u ita r 020 $a978-88-7203-348-7 040 $aSeMil$bita 100 1 $aPirovano, Carlo.$0(OLS)http://semarc/name/264 245 10$aSotto il cielo di Lombardia :$bbreve storia degli Umiliati /$cCarlo Pirovano ; prefazione di Paolo Gulisano. 264 1$aBarzago (Lc) :$bMarna,$c2007. 300 $a111 p. :$bill. ;$c21 cm 490 1 $aLa nuova cultura 650 4$aUmiliati - Storia.$0(OLS)http://semarc/subject/56134 700 1 $aGulisano, Paolo,$d<1959- >.$0(OLS)http://semarc/name/26191 830 3$aLa nuova cultura.$0(OLS)http://semarc/title/26998 850 $aSeMil 852 $aSeMil$W1$xVenegono$y1$m3F II 1203$j250077$B250244$CSeMilBibl$Z2$F250244 $81 961 $aPerego don Stefano - Omaggio 996 $6020$a978-88-7203-348-7$9(OLS)http://semarc/number/300920 996 $6245$aSotto il cielo di Lombardia :$bbreve storia degli Umiliati$9(OLS)http://semarc/title/449643 996 $6264$aBarzago (Lc) :$bMarna$9(OLS)http://semarc/publisher/32565 LEADER 01648nam a2200313 i 4500 001 000000223745 003 CaOOAMICUS 005 20250915172312.0 008 131018s2012 it u000 u ita u 020 $a978-88-514-1245-6 040 $aSeMil$bita 100 1 $aBallarini, Marco,$c.$0(OLS)http://semarc/name/9255 245 13$aIl Francesco di Dante :$batti del 3. Convegno di Pozzuolo Martesana, 13 ottobre 2012 /$cMarco Ballarini ... [et al.] ; a cura di Paolo Bartesaghi. 264 1$aMilano :$bÀncora ;$a[Pozzuolo Martesana] :$bAssociazione cardinal Peregrosso,$c2012. 300 $a157 p. ;$c20 cm. 490 1 $aQuaderni francescani ;$v3 650 4$aAlighieri, Dante <1265-1321> . Divina Commedia . Paradiso - San Francesco.$0(OLS)http://semarc/subject/41393 650 4$aFrancesco : d'Assisi - Letteratura italiana.$0(OLS)http://semarc/subject/35658 700 1 $aBartesaghi, Paolo.$0(OLS)http://semarc/name/69908 830 0$aQuaderni francescani ;$v3.$0(OLS)http://semarc/title/401879 850 $aSeMil 852 $aSeMil$W1$xVenegono$y1$m3UA C 3$j261842$B174091$CSeMilBibl$Z2$F187391 $81 941 1 $a4 961 $aFondo card. C.M. Martini 996 $6020$a978-88-514-1245-6$9(OLS)http://semarc/number/223948 996 $6245$aIl Francesco di Dante :$batti del 3. Convegno di Pozzuolo Martesana, 13 ottobre 2012$9(OLS)http://semarc/title/320834 996 $6264$aMilano :$bÀncora$9(OLS)http://semarc/publisher/29763 996 $6264$a[Pozzuolo Martesana] :$bAssociazione cardinal Peregrosso$9(OLS)http://semarc/publisher/62567